Journal of organizational behavior.

Bibliographic Details
Previous Title:Journal of occupational behaviour
Format: Journal
Language:English
Published: [Chichester, Sussex, England] : Wiley, [1988-]
Subjects:
Online Availability: Check for online availability

MARC

Tag First Indicator Second Indicator Subfields
LEADER 00000cas a2200000 a 4500
001 in00000009758
005 20151007051543.0
008 870623c19889999enkbx p o 0 a0eng c
010 |a  88648174   |z sn 87003579  
016 7 |a 8807099  |2 DNLM 
016 7 |a SR0062174  |2 DNLM 
016 7 |a 010491273  |2 Uk 
019 |a 187309141 
022 0 |a 0894-3796  |l 0894-3796  |2 1 
029 1 |a NLGGC  |b 043921248 
029 1 |a NZ1  |b 3244269 
029 1 |a AU@  |b 000025103674 
029 1 |a AU@  |b 000005468445 
029 1 |a AU@  |b 000021769128 
030 |a JORBEJ 
032 |a 515530  |b USPS 
035 |a (OCoLC)ocm16060737 
035 |a (OCoLC)16060737  |z (OCoLC)187309141 
037 |b Journals Subscriptions Department, John Wiley & Sons, Ltd., 1 Oldlands Way, Bognor Regis, West Sussex, PO22 9SA, UK 
040 |a NSD  |c NSD  |d NST  |d NSD  |d CLU  |d DLC  |d HUL  |d DLC  |d NST  |d HUL  |d NST  |d DLC  |d NST  |d NLM  |d NST  |d IUL  |d NST  |d NSD  |d NST  |d MYG  |d NST  |d OCL  |d NST  |d GUA  |d DLC  |d IUL  |d WAU  |d MYG  |d DLC  |d NSD  |d SYS  |d HUL  |d MYG  |d OCLCQ  |d IUL  |d LVB  |d CUI  |d OCLCQ  |d UKMGB  |d UtOrBLW 
042 |a pcc  |a nsdp 
049 |a TXAM 
050 0 0 |a HD6951  |b .J68 
050 1 4 |a HF5548.8  |b .J63 
060 0 0 |a W1  |b JO804LK 
082 0 0 |a 158.7/05  |2 19 
210 0 |a J. organ. behav. 
222 0 |a Journal of organizational behavior 
245 0 0 |a Journal of organizational behavior. 
264 1 |a [Chichester, Sussex, England] :  |b Wiley,  |c [1988-] 
264 4 |c [©1988-] 
300 |a volumes :  |b illustrations ;  |c 24 cm. 
310 |a 8 no. yearly,  |b 2000- 
321 |a Quarterly,  |b 1988-1999 
321 |a Six no. a year,  |b 1990- 
321 |a Seven no. a year,  |b -1999 
336 |a text  |b txt  |2 rdacontent 
337 |a unmediated  |b n  |2 rdamedia 
338 |a volume  |b nc  |2 rdacarrier 
362 0 |a Vol. 9, no. 1 (Jan. 1988)- 
500 |a Title from cover. 
500 |a Latest issue consulted: Volume 26, number 8 (Dec. 2005). 
525 |a Supplements accompany some issues. 
650 0 |a Industrial sociology  |v Periodicals. 
650 0 |a Organizational behavior  |v Periodicals. 
650 0 |a Psychology, Industrial  |v Periodicals. 
650 2 |a Job Satisfaction  |v Periodicals. 
650 2 |a Personnel Management  |v Periodicals. 
650 2 |a Psychology, Industrial  |v Periodicals. 
650 6 |a Sociologie industrielle  |v Périodiques. 
650 6 |a Comportement organisationnel  |v Périodiques. 
650 6 |a Psychologie du travail  |v Périodiques. 
770 0 |t Trends in organizational behavior  |w (DLC) 94646947  |w (OCoLC)30789969 
776 0 8 |i Online version:  |t Journal of organizational behavior  |x 1099-1379  |w (DLC) 00238103  |w (OCoLC)41623880 
780 0 0 |t Journal of occupational behaviour  |x 0142-2774  |w (DLC) 82643474  |w (OCoLC)5527062 
850 |a AAP  |a ArU  |a AzTeS  |a CLSU  |a CLU  |a CSt  |a CU-I  |a CU-SB  |a CaNBFU  |a CaOLU  |a CaOONL  |a CaOTU  |a CaSSU  |a CoFS  |a CoU  |a DLC  |a DNLM  |a DeU  |a GASU  |a GU  |a ICU  |a IEN  |a INS  |a IaAS  |a IaU  |a InLP  |a InU  |a KyLoU  |a LU  |a MBU  |a MCM  |a MH-BA  |a MH-KG  |a MdU  |a MiDW  |a MiEM  |a MoSU  |a MoU  |a NBC  |a NBuU  |a NIC  |a NN  |a NNC  |a NRU  |a NSyU  |a NcU  |a NjP  |a NjR  |a NmU  |a NvU  |a OCU  |a OU  |a OrU  |a PPD  |a PU-W  |a TU  |a TxCM  |a TxDaM  |a TxHR  |a ViBlbV  |a ViU  |a WaU  |a WvU  |a WyU 
891 2 0 |9 853  |8 1  |a v.  |b no.  |u 4  |v r  |i (year)  |j (month)  |w q  |x 01 
891 4 1 |9 863  |8 1.1  |a 9  |b 1  |i 1988  |j 01 
891 2 0 |9 853  |8 1  |a v.  |b no.  |u 8  |v r  |i (year)  |j (month)  |w 8  |x 02  |y om01,04,07,10 
891 4 1 |9 863  |8 1.1  |a <26>  |b <1>  |i <2005>  |j <02> 
949 |a updated  |b h  |c 2011/9/26  |e vilik  |f 2:59:36 pm 
994 |a C0  |b TXA 
999 |a MARS 
999 f f |s dbb3720a-c3fd-3abd-8c7c-13fbb40b6647  |i 3026472c-075f-3736-b39c-eff72d891457  |t 0 
952 f f |p ric  |a Texas A&M University  |b Rellis Campus  |c Joint Library Facility  |d Remote Storage  |t 0  |e HF5548.8 .J63  |h Library of Congress classification  |i unmediated -- volume  |k v.16:no.4-6  |l 1995:July-Nov.  |m A14841780290 
952 f f |p ric  |a Texas A&M University  |b Rellis Campus  |c Joint Library Facility  |d Remote Storage  |t 0  |e HF5548.8 .J63  |h Library of Congress classification  |i unmediated -- volume  |k v.11  |l 1990  |m A14841777395 
952 f f |p ric  |a Texas A&M University  |b Rellis Campus  |c Joint Library Facility  |d Remote Storage  |t 0  |e HF5548.8 .J63  |h Library of Congress classification  |i unmediated -- volume  |k v.19:no.1-3  |l 1998:Jan.-May  |m A14841780373 
952 f f |p ric  |a Texas A&M University  |b Rellis Campus  |c Joint Library Facility  |d Remote Storage  |t 0  |e HF5548.8 .J63  |h Library of Congress classification  |i unmediated -- volume  |k v.22:no.5-8  |l 2001:Aug.-Dec.  |m A14828584287 
952 f f |p ric  |a Texas A&M University  |b Rellis Campus  |c Joint Library Facility  |d Remote Storage  |t 0  |e HF5548.8 .J63  |h Library of Congress classification  |i unmediated -- volume  |k v.16:no.1-3  |l 1995:Jan.-May  |m A14841777288 
952 f f |p ric  |a Texas A&M University  |b Rellis Campus  |c Joint Library Facility  |d Remote Storage  |t 0  |e HF5548.8 .J63  |h Library of Congress classification  |i unmediated -- volume  |k v.23:no.5-8  |l 2002:Aug.-Dec.  |m A14830366988 
952 f f |p ric  |a Texas A&M University  |b Rellis Campus  |c Joint Library Facility  |d Remote Storage  |t 0  |e HF5548.8 .J63  |h Library of Congress classification  |i unmediated -- volume  |k v.12:no.1 -v.12:no.4  |l 1991:Jan.-July  |m A14841777403 
952 f f |p ric  |a Texas A&M University  |b Rellis Campus  |c Joint Library Facility  |d Remote Storage  |t 0  |e HF5548.8 .J63  |h Library of Congress classification  |i unmediated -- volume  |k v.22:no.1-4  |l 2001:Feb-May  |m A14827370813 
952 f f |p ric  |a Texas A&M University  |b Rellis Campus  |c Joint Library Facility  |d Remote Storage  |t 0  |e HF5548.8 .J63  |h Library of Congress classification  |i unmediated -- volume  |k v.19:Speical Issue  |l 1998  |m A14841780399 
952 f f |p ric  |a Texas A&M University  |b Rellis Campus  |c Joint Library Facility  |d Remote Storage  |t 0  |e HF5548.8 .J63  |h Library of Congress classification  |i unmediated -- volume  |k v.13:no.5-7  |l 1992:Sept.-Dec.  |m A14841777239 
952 f f |p ric  |a Texas A&M University  |b Rellis Campus  |c Joint Library Facility  |d Remote Storage  |t 0  |e HF5548.8 .J63  |h Library of Congress classification  |i unmediated -- volume  |k v.21:no.5-8  |l 2000:Aug-Dec  |m A14827358968 
952 f f |p ric  |a Texas A&M University  |b Rellis Campus  |c Joint Library Facility  |d Remote Storage  |t 0  |e HF5548.8 .J63  |h Library of Congress classification  |i unmediated -- volume  |k v.14:no.5-7  |l 1993:Sept.-Dec.  |m A14841777254 
952 f f |p ric  |a Texas A&M University  |b Rellis Campus  |c Joint Library Facility  |d Remote Storage  |t 0  |e HF5548.8 .J63  |h Library of Congress classification  |i unmediated -- volume  |k v.18:no.4-6  |l 1997:July-Nov.  |m A14841780357 
952 f f |p ric  |a Texas A&M University  |b Rellis Campus  |c Joint Library Facility  |d Remote Storage  |t 0  |e HF5548.8 .J63  |h Library of Congress classification  |i unmediated -- volume  |k v.13:no.1-4  |l 1992:Jan.-July  |m A14841777221 
952 f f |p ric  |a Texas A&M University  |b Rellis Campus  |c Joint Library Facility  |d Remote Storage  |t 0  |e HF5548.8 .J63  |h Library of Congress classification  |i unmediated -- volume  |k v.19:no.4-6  |l 1998:July-Nov.  |m A14841780381 
952 f f |p ric  |a Texas A&M University  |b Rellis Campus  |c Joint Library Facility  |d Remote Storage  |t 0  |e HF5548.8 .J63  |h Library of Congress classification  |i unmediated -- volume  |k v.17:no.1-3  |l 1996:Jan.-June  |m A14841780316 
952 f f |p ric  |a Texas A&M University  |b Rellis Campus  |c Joint Library Facility  |d Remote Storage  |t 0  |e HF5548.8 .J63  |h Library of Congress classification  |i unmediated -- volume  |k v.17:no.4-6  |l 1996:Aug.-Dec.  |m A14841780324 
952 f f |p ric  |a Texas A&M University  |b Rellis Campus  |c Joint Library Facility  |d Remote Storage  |t 0  |e HF5548.8 .J63  |h Library of Congress classification  |i unmediated -- volume  |k v.23:no.1-4  |l 2002:Feb.-June  |m A14829665060 
952 f f |p ric  |a Texas A&M University  |b Rellis Campus  |c Joint Library Facility  |d Remote Storage  |t 0  |e HF5548.8 .J63  |h Library of Congress classification  |i unmediated -- volume  |k v.20:no.5-7  |l 1999:Sept.-Dec.  |m A14841780175 
952 f f |p ric  |a Texas A&M University  |b Rellis Campus  |c Joint Library Facility  |d Remote Storage  |t 0  |e HF5548.8 .J63  |h Library of Congress classification  |i unmediated -- volume  |k v.12:no.5-7  |l 1991:Sept.-Dec.  |m A14841777213 
952 f f |p ric  |a Texas A&M University  |b Rellis Campus  |c Joint Library Facility  |d Remote Storage  |t 0  |e HF5548.8 .J63  |h Library of Congress classification  |i unmediated -- volume  |k v.15:no.5-7  |l 1994:Sept.-Dec.  |m A14841777270 
952 f f |p ric  |a Texas A&M University  |b Rellis Campus  |c Joint Library Facility  |d Remote Storage  |t 0  |e HF5548.8 .J63  |h Library of Congress classification  |i unmediated -- volume  |k v.10  |l 1989  |m A14841777387 
952 f f |p ric  |a Texas A&M University  |b Rellis Campus  |c Joint Library Facility  |d Remote Storage  |t 0  |e HF5548.8 .J63  |h Library of Congress classification  |i unmediated -- volume  |k v.14:no.1-4  |l 1993:Jan.-July  |m A14841777247 
952 f f |p ric  |a Texas A&M University  |b Rellis Campus  |c Joint Library Facility  |d Remote Storage  |t 0  |e HF5548.8 .J63  |h Library of Congress classification  |i unmediated -- volume  |k v.18:no.1-3  |l 1997:Jan.-Mar.  |m A14841780340 
952 f f |p ric  |a Texas A&M University  |b Rellis Campus  |c Joint Library Facility  |d Remote Storage  |t 0  |e HF5548.8 .J63  |h Library of Congress classification  |i unmediated -- volume  |k v.21:no.1-4  |l 2000:Feb.-June  |m A14827359003 
952 f f |p ric  |a Texas A&M University  |b Rellis Campus  |c Joint Library Facility  |d Remote Storage  |t 0  |e HF5548.8 .J63  |h Library of Congress classification  |i unmediated -- volume  |k v.18:Special Issue  |l 1997  |m A14841780365 
952 f f |p ric  |a Texas A&M University  |b Rellis Campus  |c Joint Library Facility  |d Remote Storage  |t 0  |e HF5548.8 .J63  |h Library of Congress classification  |i unmediated -- volume  |k v.9  |l 1988  |m A14841777379 
952 f f |p ric  |a Texas A&M University  |b Rellis Campus  |c Joint Library Facility  |d Remote Storage  |t 0  |e HF5548.8 .J63  |h Library of Congress classification  |i unmediated -- volume  |k v.15:no.1-4  |l 1994:Jan.-July  |m A14841777262 
952 f f |p ric  |a Texas A&M University  |b Rellis Campus  |c Joint Library Facility  |d Remote Storage  |t 0  |e HF5548.8 .J63  |h Library of Congress classification  |i unmediated -- volume  |k v.20:no.1-4  |l 1999:Jan.-July  |m A14841780407 
952 f f |p ric  |a Texas A&M University  |b Rellis Campus  |c Joint Library Facility  |d Remote Storage  |t 0  |e HF5548.8 .J63  |h Library of Congress classification  |i unmediated -- volume  |k v.16:Special Issue  |l 1995  |m A14841780308 
952 f f |p ric  |a Texas A&M University  |b Rellis Campus  |c Joint Library Facility  |d Remote Storage  |t 0  |e HF5548.8 .J63  |h Library of Congress classification  |i unmediated -- volume  |k v.17:Special Issue  |l 1996  |m A14841780332 
998 f f |a HF5548.8 .J63  |s v.9-23 (1988-2002)  |t 0  |l Remote Storage